| 000 | 00725nam a2200217 i 4500 | ||
|---|---|---|---|
| 001 | 131883 | ||
| 003 | ES-MaACL | ||
| 005 | 20230906194050.0 | ||
| 007 | t| | ||
| 008 | 070214s1931 sp r ||||1| spa d | ||
| 080 | _a616.9(213) | ||
| 100 | 1 |
_aRogers, Leonard. _998947 |
|
| 245 | 1 | 0 |
_aRecientes adquisiciones en medicina tropical / _cLeonard Rogers ; traducción de E. Luengo ; prólogo de G. Pittaluga. |
| 260 |
_aMadrid : _b[s.n.], _c1931 ( _fViuda de Prudencio Pérez) |
||
| 300 |
_aXII, 485 p. ; _c20 cm. |
||
| 650 | 4 |
_aEnfermedades tropicales. _9155580 |
|
| 700 | 1 |
_aLuengo Arroyo, Emilio. _974634 |
|
| 700 | 1 |
_aPittaluga, Gustavo, _d1876-1956 _9155591 |
|
| 852 |
_aES-MaACL _jE-280 |
||
| 999 |
_c131883 _d131883 |
||